| 000 | 00000nas##2200000za#4500 |
| 001 | 9.501303 |
| 003 | CaOODSP |
| 005 | 20220505163028 |
| 007 | cr ||||||||||| |
| 008 | 150406c2005||||xxc|| m o||||f| |0fre|d |
| 040 | |aCaOODSP|bfre |
| 043 | |an-cn--- |
| 086 | 1 |aH12-21-3F-PDF |
| 110 | 2 |aAgence de santé publique du Canada. |
| 245 | 10|aRelevé des maladies transmissible au Canada. Supplément |h[ressource électronique] |
| 260 | |aOttawa - Ontario : |bAgence de santé publique du Canada |
| 310 | |aIrrégulier |
| 500 | |aPublié par Santé Canada jusqu'au numéro du 1 octobre 2004. |
| 691 | 07|aImmunisation|2gcpds |
| 691 | 07|aMaladie transmissible|2gcpds |
| 775 | 08|tCanada communicable disease report. Supplement |w(CaOODSP)9.504870 |